00353pab a2200133 454500008004000000100002900040245006600069260000900135300001400144362001200158650001500170650002100185773001300206180718b1980 xxu||||| |||| 00| 0 eng d aMukhopadhyay, Asok Kumar aLocal political leadership in the city government of Calcutta c1980 ap.98-108. aJan-Mar aLeadership aLocal government aNagarlok